Countries of Europe by High Point - Statistics

General Stats
  • This quiz has been taken 10 times
  • The average score is 10 of 50
Answer Stats
Hint Answer % Correct
Mont Blanc France / Italy
71%
Mount Olympus Greece / Cyprus
71%
Vatican Hill Vatican City
71%
Ben Nevis Scotland
57%
Snowdon Wales
57%
Grossglockner Austria
43%
Møllehøj Denmark
43%
Scafell Pike England
43%
Mount Elbrus Russia
43%
Teide Spain (Canaries)
43%
Dufourspitze (Monte Rosa) Switzerland
43%
Dinara Croatia
29%
Hvannadalshnúkur
Iceland
29%
Zugspitze Germany
29%
Gaiziņkalns Latvia
29%
Vorder Grauspitz Liechtenstein
29%
Monte Titano San Marino
29%
Coma Pedrosa Andorra
14%
Signal de Botrange Belgium
14%
Sněžka Czechia
14%
Suur Munamägi Estonia
14%
Kékes Hungary
14%
Caurrauntoohil Ireland
14%
Aukštojas Hill Lithuania
14%
Kneiff Luxembourg
14%
Ta' Dmejrek Malta
14%
Bălăneşti Hill Moldova
14%
Chemin des Révoires (Mont Agel) Monaco
14%
Vaalserberg Netherlands
14%
Galdhøppingen Norway
14%
Rysy Poland
14%
Moldoveanu Peak Romania
14%
Triglav Slovenia
14%
Mulhacén Spain (mainland)
14%
Mount Korab Albania / North Macedonia
0%
Bazardüzü Azerbaijan
0%
Dzyarzhynskaya Hara Belarus
0%
Maglić Bosnia and Herzegovina
0%
Musala Bulgaria
0%
Halti Finland
0%
Shkhara Georgia
0%
Velika Rudoka Kosovo
0%
Zla Kolata Montenegro
0%
Mount Pico Portugal (Azores)
0%
Serra de Estrela Portugal (mainland)
0%
Midžor Serbia
0%
Gerlachovský Štít Slovakia
0%
Kebnekaise Sweden
0%
Mahya Daği Turkey
0%
Hoverla Ukraine
0%
No matching quizzes found
Score Distribution
Percent of People with Each Score
Percentile by Number Answered
Your Score History
You have not taken this quiz